Normal view
MARC view
Entry Personal Name
001 - CONTROL NUMBER
- control field: 28107
003 - CONTROL NUMBER IDENTIFIER
- control field: dpl
005 - DATE AND TIME OF LATEST TRANSACTION
- control field: 20110516111453.0
008 - FIXED-LENGTH DATA ELEMENTS
- fixed length control field: 110516|||a|||||| | ||| d
040 ## - CATALOGING SOURCE
- Original cataloging agency: dpl
- Transcribing agency: dpl
100 ## - HEADING--PERSONAL NAME
- Personal name: चन्द्रमणि ब्रह्मदत्त
670 ## - SOURCE DATA FOUND
- Source citation: Work cat.: (dpl)52053: चन्द्रमणि ब्रह्मदत्त, क्रान्ति की लपटें /, 2009
670 ## - SOURCE DATA FOUND
- Source citation: Work cat.: (dpl)52053: चन्द्रमणि ब्रह्मदत्त, क्रान्ति की लपटें /, 2009
